Hội thảo lần thứ 2 về quan hệ Asean - EU : Những thay đổi thể chế và thách thức đối với quản trị trong bối cảnh khủng hoảng tài chính toàn cầu /
Na minha lista:
| Outros Autores: | |
|---|---|
| Formato: | Atigo |
| Idioma: | Vietnamese |
| Assuntos: | |
| Tags: |
Adicionar Tag
Sem tags, seja o primeiro a adicionar uma tag!
|
| Thư viện lưu trữ: | Thư viện Trường Đại học Đà Lạt |
|---|
| LEADER | 00923nam a2200265 4500 | ||
|---|---|---|---|
| 001 | DLU120131310 | ||
| 005 | ##20120215 | ||
| 040 | # | # | |a DLU |b vie |
| 041 | # | # | |a vie |
| 044 | # | # | |a vn |
| 245 | # | # | |a Hội thảo lần thứ 2 về quan hệ Asean - EU : |b Những thay đổi thể chế và thách thức đối với quản trị trong bối cảnh khủng hoảng tài chính toàn cầu / |c Hà Nội, 30/10/2009. |
| 653 | # | # | |a Hiến chương Asean |
| 653 | # | # | |a Hiệp ước Lisbon |
| 653 | # | # | |a Khủng hoảng tài chính |
| 700 | # | # | |a Hà Nội, 30/10/2009. |
| 773 | # | # | |t Nghiên cứu Quốc tế |g Số 4(79), 2009, tr. 183-189 |
| 920 | # | # | |a Phòng Tạp chí -- Trung tâm Thông tin - Thư viện Trường Đại học Đà Lạt |
| 994 | # | # | |a DLU |
| 900 | # | # | |a True |
| 911 | # | # | |a Nguyễn Thị Linh Chi |
| 925 | # | # | |a G |
| 926 | # | # | |a A |
| 927 | # | # | |a BB |
| 980 | # | # | |a Thư viện Trường Đại học Đà Lạt |